BIBLIOTECA PODER JUDICIAL
Portal Judicial TDF

La ley del arrepentido y el derecho a controlar la prueba de cargo. Con especial referencia al caso "Cuadernos" / (Registro nro. 5665)

000 -LEADER
fixed length control field 01247nab a22002297a 4500
003 - CONTROL NUMBER IDENTIFIER
control field OSt
005 - DATE AND TIME OF LATEST TRANSACTION
control field 20251226123909.0
008 - FIXED-LENGTH DATA ELEMENTS--GENERAL INFORMATION
fixed length control field 190429b xxu||||| |||| 00| 0 spa d
040 ## - CATALOGING SOURCE
Transcribing agency PJ
100 ## - MAIN ENTRY--PERSONAL NAME
9 (RLIN) 6519
Personal name Borzi Cirilli, Federico A.
245 13 - TITLE STATEMENT
Title La ley del arrepentido y el derecho a controlar la prueba de cargo. Con especial referencia al caso "Cuadernos" /<br/>
Statement of responsibility, etc Federico A. Borzi Cirilli.
260 ## - PUBLICATION, DISTRIBUTION, ETC. (IMPRINT)
Date of publication, distribution, etc Ciudad Autónoma de Buenos Aires :
Place of publication, distribution, etc Thomson Reuters La Ley,
Name of publisher, distributor, etc 2025.
300 ## - PHYSICAL DESCRIPTION
Extent p. 73-78
500 ## - GENERAL NOTE
General note Cita: TR LALEY AR/DOC/2191/2025.
505 ## - FORMATTED CONTENTS NOTE
Formatted contents note Sumario: I. Introducción.— II. El objeto de la ley y su ámbito de aplicación.— III. Su aplicación en la causa "cuadernos".— IV. Sobre la incorporación de los acuerdos de colaboración al juicio oral y el derecho a controlar toda prueba de cargo. El precedente "Benítez".— V. Conclusiones.
505 ## - FORMATTED CONTENTS NOTE
Title Si te interesa el texto completo, solicitalo a koha@justierradelfuego.gov.ar
650 #0 - SUBJECT ADDED ENTRY--TOPICAL TERM
9 (RLIN) 343
Topical term or geographic name as entry element DERECHO PENAL
650 #0 - SUBJECT ADDED ENTRY--TOPICAL TERM
9 (RLIN) 2967
Topical term or geographic name as entry element ARREPENTIDO
650 #0 - SUBJECT ADDED ENTRY--TOPICAL TERM
9 (RLIN) 180
Topical term or geographic name as entry element DEBIDO PROCESO
773 0# - HOST ITEM ENTRY
Host Biblionumber 2658
Host Itemnumber 3164
Title Revista de derecho penal y criminología. Nº 8 - Octubre 2025
Place, publisher, and date of publication Ciudad Autónoma de Buenos Aires : Thomson Reuters La Ley, 2017-
International Standard Serial Number 00347914
942 ## - ADDED ENTRY ELEMENTS (KOHA)
Source of classification or shelving scheme
Koha item type Analítica Artículo de Revista

No hay ítems disponibles.

12 de Octubre 789 Ushuaia - Tel:  54(02901)441571
Horario de Atención: 8.00 a 17.00 hs. 
bibliotecaush@justierradelfuego.gov.ar
koha@justierradelfuego.gov.ar
Seguinos en nuestras redes @bibliojustdf 

Con tecnología Koha